000 00706cam a22002051 4500
001 e 41000157
003 DLC
005 20260227111230.0
008 760414s1940 xx 000 0 eng
010 _ae 41000157
035 _a(OCoLC)2111654
040 _aDLC
_cOTU
_dOCoLC
_dDLC
042 _apremarc
050 0 0 _aLB1715
_b.A67
110 2 _aAmerican Council on Education.
_bCommission on Teacher Education.
245 1 4 _aThe Commission on teacher education,
_ba brief statement of its origin and scope.
260 _aWashington, D.C.,
_bCommission on teacher education, American council on education,
_c1940.
300 _a 1 p. l., 18 p.
_c22 cm.
650 0 _aTeachers
_xTraining of
_zUnited States.
999 _c21817
_d21817